Catherine Cookson Novels - Statistics

General Stats
  • This quiz has been taken 24 times
  • The average score is 9 of 82
Answer Stats
Hint Answer % Correct
The Cinder Path
63%
The Girl
63%
The Fifteen Streets
50%
The Round Tower
50%
Tilly Trotter
50%
Colour Blind
38%
The Gambling Man
38%
The Glass Virgin
38%
A Dinner of Herbs
25%
Bill Bailey
25%
Hamilton
25%
The Black Candle
25%
The Black Velvet Gown
25%
The Dwelling Place
25%
The Man Who Cried
25%
The Menagerie
25%
Tilly Trotter Wed
25%
Bill Bailey's Lot
13%
Fanny McBride
13%
Feathers In The Fire
13%
Goodbye Hamilton
13%
Hannah Massey
13%
Harold
13%
Justice Is A Woman
13%
Maggie Rowen
13%
Mary Ann's Angels
13%
Rooney
13%
Rosie of the River
13%
The Blind Miller
13%
The Devil and Mary Ann
13%
The Gillyvors
13%
The Invitation
13%
The Long Corridor
13%
The Lord and Mary Ann
13%
The Mallen Streak
13%
The Moth
13%
The Rag Nymph
13%
Tilly Trotter Widowed
13%
A Grand Man
0%
A House Divided
0%
A Ruthless Need
0%
Bill Bailey's Daughter
0%
Fenwick Houses
0%
Kate Hannigan's Girl
0%
Kate Mulholland
0%
Life and Mary Ann
0%
Love and Mary Ann
0%
Marriage and Mary Ann
0%
Mary Ann and Bill
0%
My Beloved Son
0%
Pure As The Lily
0%
Riley
0%
Silent lady
0%
Slinky Jane
0%
Solace of Sin
0%
The Blind Years
0%
The Bondage of Love
0%
The Bonny Dawn
0%
The Branded Man
0%
The Cultured Handmaiden
0%
The Desert Crop
0%
The Garment
0%
The Golden Straw
0%
The Harrogate Secret
0%
The House of Women
0%
The Invisible Cord
0%
The Lady On My Left
0%
The Mallen Girl
0%
The Mallen Litter
0%
The Maltese Angel
0%
The Nice Bloke
0%
The Obsession
0%
The Parson's Daughter
0%
The Simple Soul and other stories
0%
The Thursday Friend
0%
The Tide Of Life
0%
The Tinker's Girl
0%
The Unbaited Trap
0%
The Upstart
0%
The Whip
0%
The Wingless Bird
0%
The Year of the Virgins
0%
No matching quizzes found
Score Distribution
Percent of People with Each Score
Percentile by Number Answered
Your Score History
You have not taken this quiz